Pays n'ayant pas de frontières avec un Pays plus petit - Statistiques

Statistiques générales
  • Ce quiz a été pris 190 fois
  • Le résultat moyen est 41 sur 50
Statistiques - réponses
Réponse % Correct
Andorre
95%
Vatican
95%
Luxembourg
94%
Estonie
93%
Liechtenstein
93%
Saint-Marin
93%
Lesotho
92%
Corée du Sud
90%
Kosovo
90%
Monaco
89%
Gambie
88%
Irlande
88%
Arménie
87%
Belize
87%
Danemark
87%
Népal
87%
Uruguay
87%
Qatar
86%
Togo
86%
Brunei
85%
Djibouti
85%
Guinée Equatoriale
85%
Haïti
85%
Rwanda
85%
Tunisie
85%
Eswatini
84%
Liban
84%
Portugal
84%
Equateur
83%
Suriname
83%
Cambodge
82%
Slovénie
81%
Guinée-Bissau
80%
Emirats Arabes Unis
79%
Moldavie
79%
Paraguay
79%
Costa Rica
78%
Salvador
78%
Timor Oriental
78%
Koweït
77%
Norvège
75%
Tadjikistan
75%
Bangladesh
73%
Malawi
73%
Zimbabwe
68%
Chili
67%
Papouasie-Nouvelle-Guinée
66%
Slovaquie
66%
Maroc
60%
Mongolie
59%
Aucun quiz correspondant
Distribution des résultats
% des personnes avec chaque résultat
Percentile par nombre de réponses
Votre historique - résultats
Vous n’avez pas pris ce quiz